000 00285nam a22001337a 4500
008 170530b xxu||||| |||| 00| 0 eng d
020 _a9780393058802
041 _aeng
080 _a94
100 _a17
101 _aSHH
245 _aPERILOUS TIMES
_cSRONE.G.R.
942 _2udc
_cBK
999 _c15073
_d15073